000 03006cam a22012134i 4500
003 PE-LiUPU
005 20250813185649.0
008 150616s r 000 0 d
020 _a857303016X
035 _a(Sirsi) i9788573030167
040 _aPE-LiUPU
_bspa
_cPE-LiUPU
_erda
049 _aPRUA
082 0 4 _a370.98
_bR175e
_221
100 1 _aRamos, Cosete,
_eautor.
245 1 0 _aExcelencia en Educación :
_bLa Escuela de Calidad Total /
_cCosete Ramos, traducción de Silvia Pérez Amato
264 1 _aRio de Janeiro :
_bQualitymark Editora,
_c1994.
300 _a166 páginas :
_bilustrado ;
_c23 centímetros.
336 _atext
_2rdacontent
337 _aunmediated
_2rdamedia
338 _avolume
_2rdacarrier
504 _aIncuye bibliografía.
505 0 _aBalizas para una escuela de calidad -- Directrices para una escuela de calidad -- Dimensiones de un programa de calidad -- Gestion de la calidadtotal en la escuela.
526 _aP202
526 _aP201
526 _aP163
526 _aP162
526 _aP161
526 _aP160
526 _aP148
526 _aP147
526 _aP146
526 _aP145
526 _aP144
526 _aP143
526 _aP142
526 _aP141
526 _aP140
526 _aP139
526 _aP138
526 _aP137
526 _aP136
526 _aP135
526 _aP134
526 _aP133
526 _aP129
526 _aP128
526 _aP127
526 _aP120
526 _aP119
526 _aP118
526 _aP116
526 _aP115
526 _aP114
526 _aP110
526 _aP109
526 _aP108
526 _aP104
526 _aP103
526 _aP102
526 _aP99
526 _aP98
526 _aP97
526 _aP96
526 _aP95
526 _aP93
526 _aP90
526 _aP89
526 _aP88
526 _aP83
526 _aP82
526 _aP62
526 _aP59
526 _aP58
526 _aP57
526 _aP51
526 _aP49
526 _aP48
526 _aP47
526 _aP29
526 _aP24
526 _aP20
526 _aP19
526 _aP17
526 _aP15
526 _aP14
526 _aP12
526 _aP10
526 _aP09
526 _aP08
526 _aP07
526 _aP06
526 _aP05
526 _aP04
526 _aP01
650 0 4 _aCalidad de la educación
_zAmérica Latina
_ySiglo XX.
910 _ajck
910 _ajck
942 _2ddc
_cBK
949 _a370.98 R21
_wDEWEY
_c1
_i42743
_lCCODEBUL1
_mBUL
_r0
_sY
_tBOOK
_u2015-6-16
_xTEOLOGIA
_zUNKNOWN
_0COMPRA
_o.STAFF. Colección General
949 _a370.98 R21
_wDEWEY
_c2
_i74818
_lCCODEBUL1
_mBUL
_r0
_sY
_tBOOK
_u2016-10-5
_xTEOLOGIA
_0COMPRA
_o.STAFF. Colección Teología
999 _c60706
_d60706
980 _81
_gALBERTO SANCHEZ Responsable de Automatización